000
00200nam a22000977a 4500
041
_a
ENG
245
_a
Monograph On Grading For Universities
260
_a
Delhi
_b
AIU
_c
1996
650
_a
48
856
_u
48
999
_c
3139
_d
3139